Manuel de géopolitique (notice n° 1554093)
[ vue normale ]
| 000 -LEADER | |
|---|---|
| fixed length control field | 01895cam a2200301zu 4500 |
| 003 - CONTROL NUMBER IDENTIFIER | |
| control field | FRCYB88921569 |
| 005 - DATE AND TIME OF LATEST TRANSACTION | |
| control field | 20251020123414.0 |
| 008 - FIXED-LENGTH DATA ELEMENTS--GENERAL INFORMATION | |
| fixed length control field | 251020s2020 fr | o|||||0|0|||fre d |
| 020 ## - INTERNATIONAL STANDARD BOOK NUMBER | |
| International Standard Book Number | 9782200628086 |
| 035 ## - SYSTEM CONTROL NUMBER | |
| System control number | FRCYB88921569 |
| 040 ## - CATALOGING SOURCE | |
| Original cataloging agency | FR-PaCSA |
| Language of cataloging | fr |
| Transcribing agency | |
| Description conventions | rda |
| 100 1# - MAIN ENTRY--PERSONAL NAME | |
| Personal name | Lasserre, Frédéric |
| 245 01 - TITLE STATEMENT | |
| Title | Manuel de géopolitique |
| Remainder of title | Enjeux de pouvoir sur des territoires |
| Statement of responsibility, etc. | ['Lasserre, Frédéric', 'Gonon, Emmanuel', 'Mottet, Eric'] |
| 264 #1 - PRODUCTION, PUBLICATION, DISTRIBUTION, MANUFACTURE, AND COPYRIGHT NOTICE | |
| Name of producer, publisher, distributor, manufacturer | Armand Colin |
| Date of production, publication, distribution, manufacture, or copyright notice | 2020 |
| 300 ## - PHYSICAL DESCRIPTION | |
| Extent | p. |
| 336 ## - CONTENT TYPE | |
| Content type code | txt |
| Source | rdacontent |
| 337 ## - MEDIA TYPE | |
| Media type code | c |
| Source | rdamdedia |
| 338 ## - CARRIER TYPE | |
| Carrier type code | c |
| Source | rdacarrier |
| 520 ## - SUMMARY, ETC. | |
| Summary, etc. | Si le terme de géopolitique est très à la mode dans les médias et débats actuels, il est souvent utilisé de manière simplificatrice pour désigner des situations internationales ou militaires complexes.La géopolitique est pourtant une véritable discipline, désormais pleinement enseignée, qui étudie les rivalités et les enjeux de pouvoir sur des territoires entre des acteurs aux intérêts divergents.Cette nouvelle édition dresse un panorama de l'ensemble des concepts, méthodes et outils propres à l'analyse géopolitique, et met en perspective les théories des différentes écoles fondatrices.À travers de nombreuses études de cas (projet chinois des Nouvelles Routes de la soie, rivalités sino-américaines, question des frontières en Afrique et en Asie, géopolitique des ressources naturelles…), cet ouvrage vient illustrer la pertinence et la fécondité de l'approche géopolitique pour appréhender la grande diversité des problématiques actuelles. |
| 650 #0 - SUBJECT ADDED ENTRY--TOPICAL TERM | |
| Topical term or geographic name entry element | |
| 700 0# - ADDED ENTRY--PERSONAL NAME | |
| Personal name | Lasserre, Frédéric |
| 700 0# - ADDED ENTRY--PERSONAL NAME | |
| Personal name | Gonon, Emmanuel |
| 700 0# - ADDED ENTRY--PERSONAL NAME | |
| Personal name | Mottet, Eric |
| 856 40 - ELECTRONIC LOCATION AND ACCESS | |
| Access method | Cyberlibris |
| Uniform Resource Identifier | <a href="https://international.scholarvox.com/netsen/book/88921569">https://international.scholarvox.com/netsen/book/88921569</a> |
| Electronic format type | text/html |
| Host name | |
Pas d'exemplaire disponible.




Réseaux sociaux